MARC

LEADER 00000nam0a2200000 4500
001 374242
005 20231101051043.0
010 |a 5338002280 
035 |a (RuTPU)RU\TPU\retro\31676 
035 |a RU\TPU\book\225893 
090 |a 374242 
100 |a 20221219d1989 km y0rusy50 ca 
101 0 |a rus 
102 |a BY 
105 |a a z 001zy 
200 1 |a Средства вычислительной техники для применения в САПР  |f С. Б. Михалев, А. Н. Зажарский, В. В. Кондратьев 
210 |a Минск  |c Беларусь  |d 1989 
215 |a 160 с.  |c ил. 
320 |a Библиогр.: с. 158-159. 
610 1 |a организация производства 
610 1 |a системы автоматизированного проектирования технологических процессов 
610 1 |a САПР 
610 1 |a вычислительная техника 
610 1 |a применение 
675 |a 658.512.22  |v 3 
700 1 |a Михалев  |b С. Б.  |g Стефан Борисович 
701 1 |a Зажарский  |b А. Н.  |g Анатолий Николаевич 
701 1 |a Кондратьев  |b В. В.  |g Владислав Васильевич 
801 1 |a RU  |b 63413507  |c 20120120 
801 2 |a RU  |b 63413507  |c 20221219  |g RCR 
942 |c BK